Chris Lane Charting Songs (Billboard Hot 100) - Statistics

General Stats
  • This quiz has been taken 17 times
    14 since last reset
  • The average score is 4 of 5
Answer Stats
Album Weeks On Peak Artist(s) Song % Correct
Non-Album Single 20 Weeks #42 Chris Lane Big, Big Plans
100%
Laps Around The Sun 20 Weeks #39 Chris Lane I Don't Know About You
86%
Laps Around The Sun 12 Weeks #55 Chris Lane ft. Tori Kelly Take Back Home Girl
86%
Girl Problems 12 Weeks #65 Chris Lane Fix
43%
Girl Problems 4 Weeks #92 Chris Lane For Her
43%
No matching quizzes found
Score Distribution
Percent of People with Each Score
Percentile by Number Answered
Your Score History
You have not taken this quiz since the last reset